000
002300000a22000970004500
100
1
_a
Hiebert, Paul G. (1932- )
245
1
0
_a
A conflict of world views
300
_a
Núm 4 (1984), Páginas 23-24
773
0
_t
Together
942
_c
ANA
999
_c
57025
_d
57025